| 000 | 00930nam a2200277Ia 4500 | ||
|---|---|---|---|
| 005 | 20220317000956.0 | ||
| 008 | 160825s2009 ck a g 000 0 spa | ||
| 020 | _a97895820026012 | ||
| 082 | 0 | 4 |
_a371.30281 _bF73p |
| 100 | 1 | _aFrías Navarro, Matilde | |
| 245 | 1 | 0 |
_aProcesos creativos para la construcción de textos _binterpretación y composición _cMatilde Frías Navarro |
| 250 | _a3a. edición | ||
| 300 |
_a291 páginas _bilustraciones _c24 cm |
||
| 490 | _aAula abierta | ||
| 500 | _aIncluye biografía | ||
| 504 | _aIncluye bibliografía | ||
| 650 | 1 | 4 |
_2LEMB _aRedacción de escritos _vManuales |
| 650 | 1 | 4 |
_2LEMB _aArte de escribir novelas |
| 650 | 1 | 4 |
_2LEMB _aEstilo literario |
| 942 |
_2ddc _cBK |
||
| 264 |
_aBogotá _bMagisterio _c2009 |
||
| 336 |
_atexto _btxt _2rdacontent |
||
| 337 |
_asin mediación _bn _2rdamedia |
||
| 338 |
_avolumen _bnc _2rdacarrier |
||
| 040 |
_aCO-BoRNBP _bspa _erda _cCO-BoRNBP |
||
| 999 |
_c5566 _d5566 |
||